| Поле | Инд. | ПП | Название | Значение |
|---|---|---|---|---|
| Тип записи | a | |||
| Библиографический уровень | m | |||
| 001 | Контрольный номер | DU/603817887 | ||
| 005 | Дата корректировки | 20260330094543.6 | ||
| 008 | Кодируемые данные | 20090527 | ||
| 020 | 00 | a | ISBN | 978-5-534-03605-3 |
| 020 | a | ISBN | 978-5-534-03606-0 | |
| 041 | 0_ | a | Код языка текста | rus |
| 084 | a | Индекс другой классификации/Индекс ББК | 67.401я73 | |
| 090 | a | Полочн. индекс | 67.401я73 | |
| x | Авторский знак | Г 726 | ||
| 097 | 00 | a | 230 | |
| 100 | 1_ | a | Автор | Адамская Л. В. |
| q | Полное имя | Адамская Любовь Владимировна | ||
| 100 | 1_ | a | Автор | Артюхин Р. Е. |
| q | Полное имя | Артюхин Роман Евгеньевич | ||
| 100 | 1_ | a | Автор | Барменкова Н. А. |
| q | Полное имя | Барменкова Наталья Алексеевна | ||
| 100 | 1_ | a | Автор | Беляев А. М. |
| q | Полное имя | Беляев Александр Матвеевич | ||
| 100 | 1_ | a | Автор | Биткина И. В. |
| q | Полное имя | Биткина Инна Владимировна | ||
| 100 | 1_ | a | Автор | Богатырев Е. Д. |
| q | Полное имя | Богатырев Евгений Дмитриевич | ||
| 100 | 1_ | a | Автор | Бутова Т. В. |
| q | Полное имя | Бутова Татьяна Витальевна | ||
| 100 | 1_ | a | Автор | Воронов В. В. |
| q | Полное имя | Воронов Виктор Васильевич | ||
| 100 | 1_ | a | Автор | Галкин А. В. |
| q | Полное имя | Галкин Андрей Викторович | ||
| 100 | 1_ | a | Автор | Прокофьев С. Е. |
| q | Полное имя | Прокофьев Станислав Евгеньевич | ||
| 100 | 1_ | a | Автор | Панина О. В. |
| q | Полное имя | Панина Ольга Владимировна | ||
| 100 | 1_ | a | Автор | Еремин С. Г. |
| q | Полное имя | Еремин Сергей Геннадьевич | ||
| 100 | 1_ | a | Автор | Завалько Н. А. |
| q | Полное имя | Завалько Наталья Александровна | ||
| 100 | 1_ | a | Автор | Зуденкова С. А. |
| q | Полное имя | Зуденкова Светлана Александровна | ||
| 100 | 1_ | a | Автор | Кабалинский А. И. |
| q | Полное имя | Кабалинский Алексей Игоревич | ||
| 100 | 1_ | a | Автор | Кадырова Г. М. |
| q | Полное имя | Кадырова Гульнара Маннуровна | ||
| 100 | 1_ | a | Автор | Комов В. Э. |
| q | Полное имя | Комов Валерий Энгельсович | ||
| 100 | 1_ | a | Автор | Красюкова Н. Л. |
| q | Полное имя | Красюкова Наталья Львовна | ||
| 100 | 1_ | a | Автор | Лукачев К. Е. |
| q | Полное имя | Лукачев Константин Евгеньевич | ||
| 100 | 1_ | a | Автор | Мусинова Н. Н. |
| q | Полное имя | Мусинова Нина Николаевна | ||
| 100 | 1_ | a | Автор | Панина О. В. |
| q | Полное имя | Панина Ольга Владимировна | ||
| 100 | 1_ | a | Автор | Плотицына Л. А. |
| q | Полное имя | Плотицына Любовь Александровна | ||
| 100 | 1_ | a | Автор | Попадюк Н. К. |
| q | Полное имя | Попадюк Никита Кириллович | ||
| 100 | 1_ | a | Автор | Прокофьев М. Н. |
| q | Полное имя | Прокофьев Михаил Николаевич | ||
| 100 | 1_ | a | Автор | Рождественская И. А. |
| q | Полное имя | Рождественская Ирина Андреевна | ||
| 100 | 1_ | a | Автор | Семкина О. С. |
| q | Полное имя | Семкина Ольга Сергеевна | ||
| 100 | 1_ | a | Автор | Токмурзин Т. М. |
| q | Полное имя | Токмурзин Тимур Маратович | ||
| 100 | 1_ | a | Автор | Шубцова Л. В. |
| q | Полное имя | Шубцова Людмила Владимировна | ||
| 245 | 00 | a | Заглавие | Государственное и муниципальное управление |
| b | Продолж. заглавия | учебник и практикум для академического бакалавриата: В 2 ч. | ||
| n | Номер части/ раздела | Ч.1 | ||
| p | Название части/ раздела | Государственное управление | ||
| c | Ответственность | под редакцией С. Е. Прокофьева, О. В. Паниной, Л. А. Плотицыной [и др.]; рецензенты В. Б. Зотов, А. М. Марголин | ||
| 260 | 00 | a | Место издания | Москва |
| b | Издательство | Юрайт | ||
| c | Дата издания | 2019 | ||
| 300 | 00 | a | Объем | 276 с. |
| 336 | a | Термин вида содержания | Текст | |
| 337 | a | Термин типа средства | непосредственный + электронный | |
| 440 | _0 | a | Серия | Бакалавр. Академический курс |
| 504 | a | Библиография | Глоссарий: с. 271. - Список рек. лит.: с. 274 | |
| 521 | 0_ | a | Примеч. о целев. назн. | бакалавриат |
| 650 | 04 | a | Основная рубрика | административное право |
| a | Основная рубрика | право | ||
| 653 | 0_ | a | Ключевые слова | административно-территориальное деление |
| a | Ключевые слова | административно-территориальное устройство | ||
| a | Ключевые слова | административные реформы | ||
| a | Ключевые слова | государственная власть | ||
| a | Ключевые слова | государственная политика | ||
| a | Ключевые слова | государственная служба | ||
| a | Ключевые слова | государственное управление | ||
| a | Ключевые слова | государственные органы | ||
| a | Ключевые слова | государство | ||
| a | Ключевые слова | гражданское общество | ||
| a | Ключевые слова | демократия | ||
| a | Ключевые слова | должностное лицо | ||
| a | Ключевые слова | законодательные органы | ||
| a | Ключевые слова | информационные технологии управления (ИТУ) | ||
| a | Ключевые слова | методы государственного управления | ||
| a | Ключевые слова | механизм следообразования преступлений | ||
| a | Ключевые слова | министерская система | ||
| a | Ключевые слова | муниципальное управление | ||
| a | Ключевые слова | Правительство СССР | ||
| a | Ключевые слова | Президент РФ | ||
| a | Ключевые слова | Прокуратура РФ | ||
| a | Ключевые слова | Российская Федерация | ||
| a | Ключевые слова | Россия | ||
| a | Ключевые слова | способы преступления | ||
| a | Ключевые слова | страны мира | ||
| a | Ключевые слова | субъекты преступлений | ||
| a | Ключевые слова | субъекты РФ | ||
| a | Ключевые слова | судебная власть | ||
| a | Ключевые слова | территориальная организация | ||
| a | Ключевые слова | Федеральное Собрание РФ | ||
| a | Ключевые слова | федеральные органы государственной власти | ||
| 655 | 00 | a | Жанр/ форма (устаревшее) | учебное пособие |
| 700 | 12 | a | Автор | Зотов В. Б. |
| e | Роль лиц | рецензент | ||
| 700 | 1_ | a | Автор | Марголин А. М. |
| e | Роль лиц | рецензент | ||
| 856 | 40 | a | Имя сервера/домена | ЭБС ЮРАЙТ |
| d | Путь | https://urait.ru | ||
| i | Указания/сценарий входа | Доступ по логину и паролю | ||
| u | URL | https://urait.ru/book/gosudarstvennoe-i-municipalnoe-upravlenie-v-2-ch-chast-1-gosudarstvennoe-upravlenie-432915 | ||
| v | Время доступа к ресурсу | 25.03.2027 | ||
| y | Справочный текст | Электронная версия | ||
| 900 | a | Имя электронного ресурса | obl_Gosudarstvennoe | |
| x | Справочная информация | Обложка | ||
| 900 | x | Справочная информация | Полный текст | |
| 901 | t | Тип документа | m | |
| 952 | a | Тип литературы для КСУ ВШ | УИ |